1324 1073 1534 1658 1222 1759 1461 1447 1580 1229 1412 1646 1662 1216 1939 1320 1848 1989 1963 1490 1087 1148 1306 1075 1040 1717 1397 1296 1725 1451 1494 1928 1163 1722 1563 1311 1460 1198 1055 1651 1579 1548 1730 1033 1357 1119 1255 1192 1963 1545 1125 1174 1316 1351 1647 1467 1369 1201 1859 1555 1720 1066 1720 1394 1172 1207 1796 1883 1755 1484 1236 1627 1966 1705 1063 1040 1934 1758 1366 1336 1090 1836 1925 1999 1953 1080 1433 1794 1536 1223 1759 1382 1372 1346 1291 1276 1225 1268 1831 BCNSPRNW ULIB Ver.6.0+V

เปลี่ยนเป็นภาษาไทย

Change to English
 แสดงรายละเอียดบรรณานุกรม
  กลับหน้าหลัก

Brief Record : Get Marc (ISO 2709) : E-mail record : QR code < ปิดหน้าต่าง
LEADER : 00000nam 2200000uu 4500
001    13399128827
003     ULIB
008    241009s2565||||th 000 0 tha d
020    ^a9786164821002
050  4 ^aBF637.C56^bน426ก
100 0  ^aนันทา สู้รักษา
245 10 ^aการให้คำปรึกษาภาคปฏิบัติ =^bCounseling in practice /^cนันทาสู้รักษา
246 31 ^aCounseling in practice
250    ^aพิมพ์ครั้งที่ 2
260    ^aกรุงเทพฯ :^bคณะพัฒนาทรัพยากรมนุษย์ สถาบันบัณฑิตพัฒนบริหารศาสตร์,^c2565
300    ^aiii, 420 หน้า :^bภาพประกอบ ;^c26 ซม.
505 0  ^aบทที่ 1 ลักษณะและวัตถุประสงค์ของการให้การปรึกษา -- บทที่ 2สัมพันธภาพและคุณลักษณะที่สำคัญของผู้ให้การปรึกษา -- บทที่ 3ทักษะพื้นฐานในการสื่อสาร การสนทนาเพื่อการบำบัด -- บทที่ 4การสื่อสารความเห็นอกเห็นใจและการตรวจสอบความเข้าใจ -- บทที่ 5ศิลปะการไต่ถามและการสรุปความ -- บทที่ 6การช่วยให้ผู้รับการปรึกษาท้าทายตนเอง -- บทที่ 7 ทักษะในการท้าทาย --บทที่ 8 การช่วยผู้รับการปรึกษาสำรวจปัญหา -- บทที่ 9การช่วยผู้รับการปรึกษาระบุเลือกและปรับเป้าหมายการจัดการปัญหา -- บทที่10 การช่วยผู้รับการปรึกษาสร้างกลยุทธ์และวางแผนเพื่อให้บรรลุเป้าหมาย --บทที่ 11 แนวทางการปฏิบัติ: การช่วยให้ผู้รับการปรึกษาพิชิตอุปสรรคการดำเนินการตามแผนงานและเกิดผลงาน
650  4 ^aการให้คำปรึกษา
650  4 ^aผู้ให้คำปรึกษา
650  4 ^aจิตวิทยาการปรึกษา
710 2  ^aสถาบันบัณฑิตพัฒนบริหารศาสตร์.^bคณะพัฒนาทรัพยากรมนุษย์
945    ^p350^l0^i011020
945    ^p350^l0^i011021
945    ^p350^l0^i011022
945    ^p350^l0^i011023
945    ^p350^l0^i011024
945    ^p350^l0^i011025
945    ^p350^l0^i011026
999    ^aประนอม เกษจรัล
รายการนี้ยังไม่มีแท็ก
คุณยังไม่ได้ล็อกอิน คุณสามารถมีกิจกรรมร่วมกับเว็บไซต์ได้ แต่ต้องล็อกอินก่อน ::
  ล็อกอิน

รายการสื่อสารสนเทศ

ลำดับที่ ประเภท เลขเรียก/บาร์โค้ด สถานที่ สถานะ
1. การศึกษาทั่วไป
หนังสือสำรอง
สถานะ=หนังสือสำรอง
BF637.C56 น426ก ฉ.1 
  Barcode: 011020
ห้องสมุดวิทยาเขตสวรรค์ประชารักษ์
►หนังสือทั่วไป
บนชั้น
2. การศึกษาทั่วไป
การศึกษาทั่วไป
BF637.C56 น426ก ฉ.2 
  Barcode: 011021
ห้องสมุดวิทยาเขตสวรรค์ประชารักษ์
►หนังสือทั่วไป
บนชั้น
3. การศึกษาทั่วไป
การศึกษาทั่วไป
BF637.C56 น426ก ฉ.3 
  Barcode: 011022
ห้องสมุดวิทยาเขตสวรรค์ประชารักษ์
►หนังสือทั่วไป
บนชั้น
4. การศึกษาทั่วไป
การศึกษาทั่วไป
BF637.C56 น426ก ฉ.4 
  Barcode: 011023
ห้องสมุดวิทยาเขตสวรรค์ประชารักษ์
►หนังสือทั่วไป
บนชั้น
5. การศึกษาทั่วไป
การศึกษาทั่วไป
BF637.C56 น426ก ฉ.5 
  Barcode: 011024
ห้องสมุดวิทยาเขตสวรรค์ประชารักษ์
►หนังสือทั่วไป
บนชั้น
6. การศึกษาทั่วไป
การศึกษาทั่วไป
BF637.C56 น426ก ฉ.6 
  Barcode: 011025
ห้องสมุดวิทยาเขตสวรรค์ประชารักษ์
►หนังสือทั่วไป
บนชั้น
7. การศึกษาทั่วไป
การศึกษาทั่วไป
BF637.C56 น426ก ฉ.7 
  Barcode: 011026
ห้องสมุดวิทยาเขตสวรรค์ประชารักษ์
►หนังสือทั่วไป
บนชั้น

รายการใกล้เคียง
    ผู้แต่ง [นันทา สู้รักษา]

    หัวเรื่อง [การให้คำปรึกษา]

BibComment


ยังไม่เคยถูกคอมเมนท์

คอมเมนท์ทรัพยากรรายการนี้
  คอมเมนท์: การให้คำปรึกษาภา..


 Copyright 2026. Bcnsprnw @Library